Conozcamos la hicotea / (Registro nro. 3147)

Detalles MARC
000 -CABECERA
Campo de control 00945nam a2200277 a 4500
005 - FECHA Y HORA DE LA ULTIMA TRANSACCION
Campo de control 20150922085042.0
008 - ELEMENTOS DE LONGITUD FIJA—INFORMACION GENERAL
Campo de control 140310b2002 ck ||||| |||| 00| 0 spa d
040 ## - FUENTE DE CATALOGACIÓN
Agencia catalogadora original CO-BoIAVH
Agencia transcriptora CO-BoIAVH
041 ## - IDIOMA
Código de idioma para texto/pista de sonido o título separado Español
044 ## - PAÍS DE PUBLICACIÓN
País de publicación Colombia
090 ## - CLASIFICACIÓN LOCAL
Colección EA-
Consecutivo 312
100 1# - ASIENTO PRINCIPAL--NOMBRE PERSONAL
Nombre personal De La Ossa Velásquez, Jaime
9 (RLIN) 18720
245 ## - MENCION DE TITULO
Título Conozcamos la hicotea /
Mención de responsabilidad Jaime de la Ossa Velásquez, Caty Milena Martínez Bravo y Edith Liliana Guzmán Lotero
260 ## - PUBLICACION, DISTRIBUCION, ETC. (PIE DE IMPRENTA)
Lugar de publicación, distribución, etc. Sincelejo (Colombia):
Nombre del editor, distribuidor, etc. Universidad de Sucre,
Fecha de publicación, distribución, etc. 2002.
300 ## - DESCRIPCION FISICA
Extensión 28 páginas :
Otros detalles físicos ilustraciones ;
Dimensiones 28 cm.
650 ## - ASIENTO SECUNDARIO DE MATERIA - TERMINO TEMATICO
Término temático o nombre geográfico como elemento de entrada Reptiles
Subdivisión general Educación
9 (RLIN) 39244
650 ## - ASIENTO SECUNDARIO DE MATERIA - TERMINO TEMATICO
Término temático o nombre geográfico como elemento de entrada Tortugas
Subdivisión general Educación
9 (RLIN) 39245
650 ## - ASIENTO SECUNDARIO DE MATERIA - TERMINO TEMATICO
Término temático o nombre geográfico como elemento de entrada Morfología animal
9 (RLIN) 9953
650 ## - ASIENTO SECUNDARIO DE MATERIA - TERMINO TEMATICO
Término temático o nombre geográfico como elemento de entrada Zoocría
9 (RLIN) 39246
650 ## - ASIENTO SECUNDARIO DE MATERIA - TERMINO TEMATICO
Término temático o nombre geográfico como elemento de entrada Cría en cautiverio
9 (RLIN) 7024
650 ## - ASIENTO SECUNDARIO DE MATERIA - TERMINO TEMATICO
Término temático o nombre geográfico como elemento de entrada Recetarios culinarios
9 (RLIN) 18723
662 ## - ASIENTO SECUNDARIO DE MATERIA - JERARQUIA DEL NOMBRE DE LUGAR(
País o entidad mayor Colombia
700 1# - ASIENTO SECUNDARIO - NOMBRE PERSONAL
Nombre personal Martínez Bravo, Caty Milena
9 (RLIN) 18724
700 1# - ASIENTO SECUNDARIO - NOMBRE PERSONAL
Nombre personal Guzmán Lotero, Edith Liliana
9 (RLIN) 18725
942 ## - ELEMENTOS ADICIONALES (KOHA)
Tipo de ítem Folleto
Sistema de clasificación Local
Existencias
Withdrawn status Lost status Sistema de Clasificación Damaged status No para préstamo Colección Inventariado Ubicación Permanente Ubicación actual Fecha de adquisición Fuente de Valor Total Checkouts Número topográfico Inventario / Código de Barras Date last seen Ejemplar Price effective from Forma de adquisición Tipo de material
    Local   Procesos Técnicos Educación Ambiental Inventariado 2017 Sala Fabio Quevedo Sala Fabio Quevedo 13/03/2003 Uso y Valoración   EA-312 005167 04/12/2012 Ej. 1 04/12/2012   Folleto